Principios de economía política

Bewaard in:
Bibliografische gegevens
Hoofdauteur: Ricardo, David (Auteur)
Formaat: Boek
Taal:Spaans
Gepubliceerd in: Madrid SARPE 1985
Editie:1a. ed
Reeks:Los Grandes Pensadores, 74
Onderwerpen:
Tags: Voeg label toe
Geen labels, Wees de eerste die dit record labelt!

MARC

LEADER 00000cam a2200000 a 4500
001 UCE2314
003 CL-VaPUC
008 140619e19850000sp |||||||||||||||||spa|d
020 |a 8459907708 
082 0 4 |a 330.1  |b RIC  |2 21 
100 0 |a Ricardo, David  |e author  |9 412598 
245 1 0 |a Principios de economía política 
250 |a 1a. ed 
300 |a 378 p 
942 |c BK 
945 |d 20140619 13:53:00  |a dcastane 
260 |a Madrid  |b SARPE  |c 1985 
650 0 |a Economía   |9 255568 
650 0 |a Teoría económica  |9 315055 
650 0 |a Economía política  |9 255814 
583 |a last modification  |c 20140619 13:53:00  |k Rodrigo Vera 
490 0 |a Los Grandes Pensadores, 74 
999 |c 355952  |d 355950 
952 |0 0  |1 0  |3 erd  |4 0  |6 330_100000000000000_RIC_1985  |7 0  |8 X  |9 462939  |a FDOBUD  |b FDOBUD  |i 5043050  |o 330.1 RIC 1985  |p 5043050  |r 2019-11-23  |w 2019-11-23  |y BK_X  |z Catalogado en:20140619  |k BUD